000 01379nam a22002050a 4500
001 PT36177
003 AR-LpoUNG
005 20230307152413.0
007 kk |||
040 _aAR-LpoUNG
_bspa
_cAR-LpoUNG
_eaacr
082 0 _a982.065 687des
245 0 0 _a[Dictadura 3] [afiche]
300 _a1 lám. : col. : 53 x 68 cm.
500 _aEl afiche pertenece a la colección de Derechos Humanos del Sr. Carlos Martinez Vidal. El item se encuentra enmarcado y en el mismo se puede leer: "At certain moment, when he was lucid, and one of the men told him that he was going to die, Raul said. "I have had a very good life, with some suffering, but also very beatiful moments that none of you poor men can possibily ever be able to know, and now I am ready for death. - Several days later I had a dream. I dreamt that I was in a clean, quiet country side seated by a clear by a lear stream I was washing my hair. Raul was there he was helping me wash my hair" - "En cierto momento, cuando estaba lúcido, y uno de los hombres le informó que iba a morir, Raúl dijo -"He tenido una muy buena vida, con algo de sufrimiento, pero también con muy lindos momentos que ninguno de ustedes pobres hombres alguna vez podrán conocer, y ahora estoy listo para morir."
650 4 _aDERECHOS HUMANOS
650 4 _aDICTADURA
650 4 _aHISTORIA POLITICA
905 _a36177
942 _cAFICHE
999 _c63866
_d63866